The Impact of International Migration on Inclusive Growth : A Review.

International migration is an important channel of material improvement for individuals and their offspring. The movement of people across country borders, especially from less developed to richer countries, has a substantial impact in several dimensions. First, it affects the migrants themselves by...

Popoln opis

Bibliografske podrobnosti
Format: Revija
Jezik:English
Izdano: Washington, D.C. : International Monetary Fund, 2021.
Serija:IMF Working Papers; Working Paper ; No. 2021/088
Teme:
Online dostop:Full text available on IMF
LEADER 02254cas a2200289 a 4500
001 AALejournalIMF021589
008 230101c9999 xx r poo 0 0eng d
020 |c 5.00 USD 
020 |z 9781513571966 
022 |a 1018-5941 
040 |a BD-DhAAL  |c BD-DhAAL 
245 1 4 |a The Impact of International Migration on Inclusive Growth :   |b A Review. 
264 1 |a Washington, D.C. :  |b International Monetary Fund,  |c 2021. 
300 |a 1 online resource (33 pages) 
490 1 |a IMF Working Papers 
500 |a <strong>Off-Campus Access:</strong> No User ID or Password Required 
500 |a <strong>On-Campus Access:</strong> No User ID or Password Required 
506 |a Electronic access restricted to authorized BRAC University faculty, staff and students 
520 3 |a International migration is an important channel of material improvement for individuals and their offspring. The movement of people across country borders, especially from less developed to richer countries, has a substantial impact in several dimensions. First, it affects the migrants themselves by allowing them to achieve higher income as a result of their higher productivity in the destination country. It also increases the expected income for their offspring. Second, it affects the destination country through the impact on labor markets, productivity, innovation, demographic structure, fiscal balance, and criminality. Third, it can have a significant impact on the countries of origin. It may lead to loss of human capital, but it also creates a flow of remittances and increases international connections in the form of trade, FDI, and technological transfers. This paper surveys our understanding of how migration affects growth and inequality through the impact on migrants themselves as well as on the destination and origin countries. 
538 |a Mode of access: Internet 
650 7 |a Complementarity Effect  |2 imf 
650 7 |a Consequences Of Migration  |2 imf 
650 7 |a Economic Growth  |2 imf 
650 7 |a Inequality  |2 imf 
650 7 |a International Migration  |2 imf 
830 0 |a IMF Working Papers; Working Paper ;  |v No. 2021/088 
856 4 0 |z Full text available on IMF  |u http://elibrary.imf.org/view/journals/001/2021/088/001.2021.issue-088-en.xml  |z IMF e-Library